[Event "Mostoles op 12th"]
[Site "Mostoles"]
[Date "2023.07.29"]
[Round "7"]
[White "Hortelano Hap, Ramon"]
[Black "Perez de las Penas, Jorge Ivan"]
[Result "0-1"]
[WhiteElo "1507"]
[BlackElo "1406"]
[PlyCount "122"]
[EventDate "2023.07.23"]
[EventType "swiss"]
[EventRounds "8"]
[EventCountry "ESP"]
[SourceTitle "CBM 215 Extra"]
[Source "ChessBase"]
[SourceDate "2023.09.30"]
[SourceVersion "1"]
[SourceVersionDate "2023.09.30"]
[SourceQuality "1"]

1. c4 e5 2. g3 Nc6 3. Bg2 Nf6 4. d3 Bb4+ 5. Bd2 Bxd2+ 6. Qxd2 d5 7. cxd5 Nxd5 8. Nc3 Be6 9. Nf3 0-0 10. 0-0 h6 11. Ne4 f5 12. Nc5 Bc8 13. a3 b6 14. Na4 Rb8 15. Nc3 Nde7 16. Rac1 Qd6 17. Nb5 Qd7 18. Qc3 a6 19. Qb3+ Kh8 20. Nc3 Bb7 21. Qd1 Ng6 22. b4 Nce7 23. Qc2 Rbc8 24. Nxe5 Nxe5 25. Bxb7 Rcd8 26. Bxa6 c6 27. Bc4 b5 28. Bb3 f4 29. Ne4 fxg3 30. fxg3 Qh3 31. e3 Ng4 32. Qe2 Rxf1+ 33. Rxf1 Nd5 34. Bxd5 Rxd5 35. Rf4 Ne5 36. Rf8+ Kh7 37. d4 Nc4 38. Nf2 Qe6 39. Qd3+ g6 40. e4 Rd7 41. Rf4 Ra7 42. Qf3 Kg7 43. e5 Rxa3 44. Qg4 Ra1+ 45. Nd1 Qxg4 46. Rxg4 Rxd1+ 47. Kf2 g5 48. Re4 Kf7 49. Re2 Rd2 50. Rxd2 Nxd2 51. Ke2 Nc4 52. Kd3 Ke6 53. Ke4 Nd2+ 54. Ke3 Nf1+ 55. Kf2 Nxh2 56. Kg2 Ng4 57. Kf3 h5 58. Ke4 Nh6 59. Kf3 Nf5 60. g4 hxg4+ 61. Kxg4 Nxd4 0-1

[Event "Madrid Alcorcon op 1st"]
[Site "Madrid"]
[Date "2022.12.28"]
[Round "6"]
[White "Toquero Gracia, Laura"]
[Black "Perez de las Penas, Jorge Ivan"]
[Result "1/2-1/2"]
[WhiteElo "1610"]
[BlackElo "1421"]
[PlyCount "84"]
[EventDate "2022.12.26"]
[EventType "swiss"]
[EventRounds "9"]
[EventCountry "ESP"]
[SourceTitle "CBM 212 Extra"]
[Source "ChessBase"]
[SourceDate "2023.03.31"]
[SourceVersion "1"]
[SourceVersionDate "2023.03.31"]
[SourceQuality "1"]

1. d4 Nf6 2. c4 e6 3. Nf3 d5 4. e3 Bb4+ 5. Nbd2 0-0 6. a3 Be7 7. b4 b6 8. c5 bxc5 9. dxc5 c6 10. Bb2 Ba6 11. Bxa6 Nxa6 12. Ne5 Qc7 13. Qa4 Nb8 14. Ndf3 Nfd7 15. 0-0 f6 16. Nxd7 Nxd7 17. Nd4 Kf7 18. Qxc6 Qxc6 19. Nxc6 Rfc8 20. Nd4 Ne5 21. Nb3 Nc4 22. Bd4 a5 23. Rfc1 a4 24. Na5 Nxa5 25. bxa5 Rxa5 26. c6 Ra6 27. c7 e5 28. Rab1 Bd6 29. Bc5 Ke6 30. Bxd6 Kxd6 31. Rb5 Rxc7 32. Rxd5+ Kxd5 33. Rxc7 Rb6 34. g3 Rb3 35. Rxg7 Rxa3 36. Rxh7 Ra1+ 37. Kg2 a3 38. Ra7 a2 39. h4 Kc4 40. h5 Kb3 41. h6 Rd1 42. h7 Rd8 1/2-1/2

[Event "Mostoles op 11th"]
[Site "Mostoles"]
[Date "2022.07.24"]
[Round "8"]
[White "Perez de las Penas, Jorge Ivan"]
[Black "Huerta Navarro, Eusebio"]
[Result "1/2-1/2"]
[WhiteElo "1440"]
[BlackElo "1652"]
[PlyCount "117"]
[EventDate "2022.07.17"]
[EventType "swiss"]
[EventRounds "9"]
[EventCountry "ESP"]
[SourceTitle "EXT 2024"]
[Source "ChessBase"]
[SourceDate "2023.10.10"]
[SourceVersion "1"]
[SourceVersionDate "2023.10.10"]
[SourceQuality "1"]

1. Nc3 e5 2. Nf3 Nc6 3. d4 exd4 4. Nxd4 Bb4 5. Nxc6 Bxc3+ 6. bxc3 bxc6 7. Qd4 Qf6 8. g3 Bb7 9. Bg2 Qxd4 10. cxd4 Nf6 11. 0-0 0-0 12. a4 Ba6 13. Re1 Rfe8 14. e3 Rab8 15. Ba3 Nd5 16. Bxd5 cxd5 17. Rab1 Bc4 18. c3 f5 19. a5 Bd3 20. Rb4 Rxb4 21. Bxb4 a6 22. f3 Kf7 23. Kf2 d6 24. h4 Rb8 25. Rd1 Bc4 26. Rd2 Ke6 27. g4 Rb5 28. gxf5+ Kxf5 29. e4+ dxe4 30. fxe4+ Kxe4 31. Rd1 Rf5+ 32. Kg2 Rf3 33. Re1+ Re3 34. Rxe3+ Kxe3 35. Kg3 Be6 36. Ba3 Ke4 37. Bb4 Kd3 38. Kf4 Kc4 39. Ke4 g6 40. Ba3 Kxc3 41. Bc1 Kc4 42. Bg5 c5 43. dxc5 Bf5+ 44. Kf4 Kxc5 45. Be7 Kd5 46. Kg5 h5 47. Kf4 Kc6 48. Bd8 Kd5 49. Bb6 Kc4 50. Ke3 d5 51. Bd4 Kb5 52. Bb6 Be4 53. Kd4 Kb4 54. Bd8 Kb3 55. Bf6 Kc2 56. Bd8 Kd2 57. Bg5+ Ke2 58. Bd8 Kf3 59. Bg5 1/2-1/2

[Event "Mostoles op 11th"]
[Site "Mostoles"]
[Date "2022.07.23"]
[Round "7"]
[White "Castro Uceda, Jose Antonio"]
[Black "Perez de las Penas, Jorge Ivan"]
[Result "1/2-1/2"]
[WhiteElo "1440"]
[BlackElo "1440"]
[PlyCount "42"]
[EventDate "2022.07.17"]
[EventType "swiss"]
[EventRounds "9"]
[EventCountry "ESP"]
[SourceTitle "EXT 2024"]
[Source "ChessBase"]
[SourceDate "2023.10.10"]
[SourceVersion "1"]
[SourceVersionDate "2023.10.10"]
[SourceQuality "1"]

1. e4 e6 2. Qe2 Bc5 3. Nf3 Ne7 4. d4 Bb6 5. g3 0-0 6. Bg2 c5 7. c3 d6 8. 0-0 Nbc6 9. dxc5 Bxc5 10. b3 a6 11. Ba3 Qc7 12. Bxc5 dxc5 13. Rd1 b5 14. Nbd2 Bb7 15. Nf1 Ng6 16. Rd2 Rad8 17. Rad1 Rxd2 18. Rxd2 Rd8 19. Qe3 Rxd2 20. Qxd2 h6 21. Qe3 Na5 1/2-1/2

[Event "Madrid Chamartin op 7th"]
[Site "Madrid"]
[Date "2018.09.06"]
[Round "6"]
[White "Serrera Sanchez Romo, Sergio"]
[Black "Perez de las Penas, Jorge Ivan"]
[Result "1/2-1/2"]
[WhiteElo "1563"]
[BlackElo "1427"]
[PlyCount "97"]
[EventDate "2018.09.03"]
[EventType "swiss"]
[EventRounds "9"]
[EventCountry "ESP"]
[SourceTitle "CBM 187 Extra"]
[Source "ChessBase"]
[SourceDate "2018.11.04"]
[SourceVersion "1"]
[SourceVersionDate "2018.11.04"]
[SourceQuality "1"]

1. c4 e5 2. Nc3 Nf6 3. g3 d6 4. Bg2 Be7 5. Nf3 c6 6. d3 0-0 7. Rb1 Be6 8. 0-0 Qd7 9. a3 Qc7 10. Bg5 Nbd7 11. Qd2 Rad8 12. b4 d5 13. cxd5 cxd5 14. Rfc1 Qb8 15. Bxf6 Bxf6 16. e3 Rc8 17. Ne2 Rfd8 18. Rxc8 Rxc8 19. Rc1 g6 20. Rxc8+ Qxc8 21. d4 e4 22. Ne1 Bg7 23. Nf4 Nb6 24. Bf1 Qd7 25. Qc2 Bf8 26. Nxe6 Qxe6 27. Ng2 g5 28. h4 h6 29. hxg5 hxg5 30. Ne1 Bd6 31. Qd1 Qg6 32. Qb3 f5 33. Qd1 Nd7 34. Bg2 Nf6 35. Kf1 Ng4 36. Bh3 Nf6 37. Bg2 Bc7 38. Qc2 Qf7 39. a4 Ne8 40. Qc5 Qd7 41. Qxa7 b6 42. Qa6 Kg7 43. a5 bxa5 44. bxa5 Qd8 45. Qe6 Bxa5 46. Qe5+ Kg6 47. Qe6+ Nf6 48. Qc6 Qb8 49. Qc1 1/2-1/2

[Event "Madrid Chamartin op 7th"]
[Site "Madrid"]
[Date "2018.09.04"]
[Round "2"]
[White "Perez de las Penas, Jorge Ivan"]
[Black "Martinez Miura, Enrique"]
[Result "1/2-1/2"]
[WhiteElo "1427"]
[BlackElo "1627"]
[PlyCount "62"]
[EventDate "2018.09.03"]
[EventType "swiss"]
[EventRounds "9"]
[EventCountry "ESP"]
[SourceTitle "CBM 187 Extra"]
[Source "ChessBase"]
[SourceDate "2018.11.04"]
[SourceVersion "1"]
[SourceVersionDate "2018.11.04"]
[SourceQuality "1"]

1. d4 e6 2. Bf4 d5 3. e3 Nf6 4. Nf3 Be7 5. Bd3 0-0 6. Nbd2 Nbd7 7. Ne5 Nxe5 8. dxe5 Nd7 9. Nf3 c5 10. c3 c4 11. Bc2 b5 12. a3 Bb7 13. h4 f5 14. exf6 Bxf6 15. Bxh7+ Kxh7 16. Ng5+ Bxg5 17. hxg5+ Kg8 18. Qh5 Nf6 19. gxf6 Qxf6 20. f3 Qf5 21. 0-0-0 Qxh5 22. Rxh5 Rf5 23. Rdh1 Rxh5 24. Rxh5 Rf8 25. Kd2 Rf5 26. Rh4 Bc6 27. Bd6 Be8 28. Ke2 Rh5 29. g3 Rxh4 30. gxh4 Kh7 31. Kf2 Kh6 1/2-1/2

[Event "Tres Cantos op 10th"]
[Site "Tres Cantos"]
[Date "2018.06.28"]
[Round "8.55"]
[White "Agraz Fernandez Truchaud, Lucas"]
[Black "Perez de las Penas, Jorge Ivan"]
[Result "0-1"]
[WhiteElo "1100"]
[BlackElo "1392"]
[PlyCount "48"]
[EventDate "2018.06.21"]
[EventType "swiss"]
[EventRounds "9"]
[EventCountry "ESP"]
[SourceTitle "EXT 2024"]
[Source "ChessBase"]
[SourceDate "2023.10.10"]
[SourceVersion "1"]
[SourceVersionDate "2023.10.10"]
[SourceQuality "1"]

1. d4 Nf6 2. c4 d5 3. Nc3 e6 4. Nf3 Bd6 5. Bg5 c5 6. e3 cxd4 7. exd4 Be7 8. Bd3 dxc4 9. Bxc4 0-0 10. 0-0 Nbd7 11. Qc2 Qc7 12. Bd3 Nb6 13. Bxf6 Bxf6 14. Bxh7+ Kh8 15. Be4 Qf4 16. Ne2 Qh6 17. Ng3 g6 18. h3 Kg7 19. Qd3 Be7 20. Rac1 Rb8 21. Rfe1 f5 22. Bxf5 gxf5 23. Ne5 Nd5 24. Qf3 Nf6 0-1

[Event "Mem op Francisco Codes 12th"]
[Site "Madrid"]
[Date "2018.06.10"]
[Round "9.18"]
[White "Lopez Ziegler, Juan Jose"]
[Black "Perez de las Penas, Jorge Ivan"]
[Result "1-0"]
[WhiteElo "1693"]
[BlackElo "1353"]
[PlyCount "112"]
[EventDate "2018.04.08"]
[EventType "swiss"]
[EventRounds "9"]
[EventCountry "ESP"]
[SourceTitle "EXT 2024"]
[Source "ChessBase"]
[SourceDate "2023.10.10"]
[SourceVersion "1"]
[SourceVersionDate "2023.10.10"]
[SourceQuality "1"]

1. d4 Nf6 2. Bf4 d5 3. e3 g6 4. Be2 Bg7 5. Nf3 0-0 6. h4 h5 7. Nbd2 Nc6 8. c3 a6 9. Ne5 Nxe5 10. Bxe5 c6 11. Nf3 Ng4 12. Bxg7 Kxg7 13. Ng5 f6 14. Nh3 e5 15. Qd2 e4 16. 0-0-0 Be6 17. f3 Nh6 18. Nf4 Bf7 19. Rdg1 g5 20. hxg5 fxg5 21. Nxh5+ Bxh5 22. Rxh5 Qf6 23. Qe1 Rh8 24. fxe4 dxe4 25. Rf1 Qe7 26. Qg3 Nf7 27. Qh3 Rxh5 28. Bxh5 Nd6 29. Qg3 Kh6 30. Qg4 Rf8 31. Rh1 Rh8 32. Bf7+ Kg7 33. Rxh8 Qxf7 34. Rh1 Qf5 35. Qh5 Nf7 36. g4 Qf3 37. Qh3 Qf2 38. Qh7+ Kf8 39. Qxe4 a5 40. a4 Qe2 41. Kb1 Qc4 42. Qf5 Qxa4 43. Qf6 Kg8 44. Rf1 Qb3 45. Qg6+ Kf8 46. Qxg5 a4 47. Rxf7+ Kxf7 48. Qf5+ Ke7 49. Qe4+ Kf6 50. Qf5+ Ke7 51. Qc2 Qc4 52. Qh7+ Kf6 53. Qxb7 Qf1+ 54. Ka2 Qc4+ 55. Ka3 c5 56. Qc6+ Kg5 1-0

[Event "Mem op Francisco Codes 12th"]
[Site "Madrid"]
[Date "2018.05.13"]
[Round "5.16"]
[White "Perez de las Penas, Jorge Ivan"]
[Black "Di Pietro Moreno, Fatima"]
[Result "0-1"]
[WhiteElo "1353"]
[BlackElo "1417"]
[PlyCount "98"]
[EventDate "2018.04.08"]
[EventType "swiss"]
[EventRounds "9"]
[EventCountry "ESP"]
[SourceTitle "EXT 2024"]
[Source "ChessBase"]
[SourceDate "2023.10.10"]
[SourceVersion "1"]
[SourceVersionDate "2023.10.10"]
[SourceQuality "1"]

1. d4 d5 2. Bf4 Nf6 3. e3 e6 4. Nf3 c5 5. c3 Nc6 6. Bd3 Bd6 7. Ne5 0-0 8. Nxc6 bxc6 9. Bg3 cxd4 10. exd4 a5 11. Nd2 Ba6 12. Bb1 Qe7 13. Qc2 e5 14. Kd1 e4 15. Re1 Bxg3 16. hxg3 Ng4 17. Nf1 f5 18. f3 Nf6 19. Qf2 Qd7 20. Ne3 a4 21. Bc2 c5 22. dxc5 d4 23. Qd2 dxe3 24. Qxd7 Nxd7 25. c6 e2+ 26. Kd2 Nb6 27. b3 Rfd8+ 28. Ke3 Nd5+ 29. Kd2 Nb4+ 30. Kc1 Nxc2 31. Kxc2 axb3+ 32. axb3 Bd3+ 33. Kb2 Rxa1 34. Rxa1 Rc8 35. c4 Rxc6 36. Re1 Kf7 37. Kc3 Ke6 38. Kd2 Ke5 39. Ke3 g5 40. f4+ gxf4+ 41. gxf4+ Kd6 42. Kd2 Ra6 43. Rc1 Ra2+ 44. Ke3 Kc5 45. g3 Ra3 46. b4+ Kxb4 47. c5 Bb5+ 48. Kf2 Rf3+ 49. Ke1 Rf1+ 0-1